000 00486nam a2200181Ia 4500
001 8752
005 20260306160633.0
008 260306t1999||||xx |||||||||||||| ||spa||
041 _aESP
082 _a371.30281
_bI99
100 _aIzquierdo Moreno, Ciriaco
_eAUT
245 0 _aTécnicas de estudio y rendimiento intelectual:
_bguía para estudiantes y maestros
260 _c1999
300 _a185 páginas :
_c23 cm.
650 _aGEN
654 _aCED
942 _cLIB
_dJUS
_fJUS
_2ddc
_n
999 _c8752
_d8752